|
|
|
|
| LEADER |
00000nab a2200000 a 4500 |
| 001 |
vtls010509049 |
| 003 |
SK-MaSNL |
| 005 |
20260318122053.0 |
| 008 |
140416c2013 xo br p 000 c0ukr |
| 015 |
|
|
|a SNBRB2013/05
|
| 038 |
|
|
|a SVKPOCL
|
| 040 |
|
|
|a SVKPOCL
|b slo
|c SVKPOCL
|e AACR2
|
| 041 |
0 |
|
|a ukr
|
| 044 |
|
|
|a xo
|c SK
|
| 080 |
|
|
|a 821.161.2
|2 2001
|
| 080 |
|
|
|a 80(=16)+908(4)
|2 2001
|
| 080 |
|
|
|a 821.161.2-051
|2 2001
|
| 080 |
|
|
|a 32:316.644
|2 2001
|
| 080 |
|
|
|a 316.644
|2 2001
|
| 080 |
|
|
|a 929 Chvyľovyj, Mykola
|2 2001
|
| 080 |
|
|
|a 929 Ol'žyč, Oleh
|2 2001
|
| 100 |
1 |
|
|a Nevrlý, Mikuláš,
|d 1916-2019
|4 aut
|9 196318
|
| 245 |
1 |
0 |
|a Mykola Chvyl'ovyj a Oleh Ol'žyč v boji za Európu
|c Mykola Nevrlyj
|
| 504 |
|
|
|a Bibliogr. odkazy
|
| 600 |
1 |
7 |
|a Chvyl'ovyj, Mykola,
|d 1893-1933
|2 svkpocl
|9 495299
|
| 600 |
1 |
7 |
|a Ol'žyč, Oleh,
|d 1907-1944
|2 svkpocl
|9 198850
|
| 650 |
0 |
7 |
|a ukrajinská literatúra
|2 svkpocl
|9 1218
|
| 650 |
0 |
7 |
|a ukrajinskí spisovatelia
|2 svkpocl
|9 66678
|
| 650 |
0 |
7 |
|a slavistika
|2 svkpocl
|9 4282
|
| 650 |
0 |
7 |
|a politické názory a postoje
|2 svkpocl
|9 4305
|
| 651 |
|
7 |
|a Československo
|2 svkpocl
|9 21376
|
| 651 |
|
7 |
|a Európa
|2 svkpocl
|9 167569
|
| 651 |
|
7 |
|a Ukrajina
|2 svkpocl
|9 168045
|
| 655 |
|
7 |
|a publicistika
|2 svkpocl
|9 332955
|
| 773 |
0 |
|
|t Duklja
|g Rik vydannja 61, No 1 (2013), s. 61-63
|
| 852 |
|
|
|a SVKPO
|b KIS3GCP
|
| 958 |
|
|
|a UK
|
| 958 |
|
|
|a LX
|
| 958 |
|
|
|a SK
|
| 958 |
|
|
|a UA
|
| 958 |
|
|
|a NB
|
| 958 |
|
|
|a BC
|
| 958 |
|
|
|a CZ
|
| 999 |
|
|
|c 3263884
|d 3265814
|